|
|
|
|
| LEADER |
00000nam0a2200000 4500 |
| 001 |
348110 |
| 005 |
20231102010055.0 |
| 010 |
|
|
|a 9789963721924
|
| 035 |
|
|
|a (RuTPU)RU\TPU\book\380070
|
| 090 |
|
|
|a 348110
|
| 100 |
|
|
|a 20221026d2015 m y0engy50 ba
|
| 101 |
0 |
|
|a eng
|
| 102 |
|
|
|a GB
|
| 105 |
|
|
|a y j 000zy
|
| 200 |
1 |
|
|a Cambridge FCE Practice Tests 2. For the Cambridge English: First for Schools Examination
|f N. Stephens
|
| 210 |
|
|
|a Oxford
|c Hamilton House Publishers
|d 2015
|
| 215 |
|
|
|a 151 p.
|
| 330 |
|
|
|a Cambridge First Certificate Practice Tests 1 has been specifically written for the updated Cambridge English: First for Schools Examination. The tests have been designed to familiarise students with the exact format of the new examination as well as to expand their vocabulary and to improve the skills required the examination.
|
| 606 |
1 |
|
|a Английский язык
|x Учебные руководства и пособия
|x Учебные руководства и пособия для высшей школы
|2 stltpush
|3 (RuTPU)RU\TPU\subj\29071
|9 52483
|
| 610 |
1 |
|
|a лексика
|
| 610 |
1 |
|
|a грамматика
|
| 610 |
1 |
|
|a тесты
|
| 610 |
1 |
|
|a сертификаты
|
| 610 |
1 |
|
|a упражнения
|
| 610 |
1 |
|
|a аутентичная литература
|
| 686 |
|
|
|a Ш143.21-923
|v LBC/SL-A
|2 rubbk
|
| 700 |
|
1 |
|a Stephens
|b N.
|g Nicholas
|
| 801 |
|
1 |
|a RU
|b 63413507
|c 20221026
|
| 801 |
|
2 |
|a RU
|b 63413507
|c 20221027
|g RCR
|
| 942 |
|
|
|c BK
|
| 959 |
|
|
|a 19/20221026
|d 2
|e 2750,00
|f ЧЗИЛ:1
|f ЯЦ_Медиатека:1
|